000 01496nam a22003017a 4500
005 20110905151147.0
010 _aG-001298
020 _a9788190679169
_c795.00
035 _aG-001298
037 _adpl
_bGift
082 0 4 _a305.906918095475
_222
100 1 _aChudasama, R. N.
_950206
245 1 4 _aThe nomads of Gir :
_bMaldhari, past and present /
_cR.N. Chudasama.
246 3 0 _aMaldhari
260 _aJaipur, India :
_bVital Publications,
_c2010.
270 _aD-19, Inderpuri, Lalkothi
_bJaipur
300 _avi, 215 p. :
_bill. ;
_c23 cm. (Hb)
500 _aIncludes bibliographical references (p. [209]-215).
520 _aSocioeconomic conditions of Māladhārī, a pastoral community who inhabited Gir protected area of Gujarat, India.
650 0 _aMāladhārī (Indic people)
_xSocial conditions.
_950207
650 0 _aMāladhārī (Indic people)
_xEconomic conditions.
_950208
650 0 _aGir Forest National Park (India)
_xSocial conditions.
_950209
650 0 _aGir Forest National Park (India)
_xEconomic conditions.
_950210
942 _2ddc
_cEN
_h305.906918095475
_mCHU
999 _c56323
_d56323